<?xml version="1.0" encoding="UTF-8"?>
<marc:record xmlns:marc="http://www.loc.gov/MARC21/slim">
   <marc:leader>00000nam a2200000 a 4500</marc:leader>
   <marc:datafield ind1="1" ind2=" " tag="100">
      <marc:subfield code="a">Eco, Umberto</marc:subfield>
      <marc:subfield code="4">aut</marc:subfield>
      <marc:subfield code="e">Verfasser/-in</marc:subfield>
   </marc:datafield>
   <marc:datafield ind1=" " ind2=" " tag="653">
      <marc:subfield code="a">Anthologie</marc:subfield>
   </marc:datafield>
   <marc:datafield ind1=" " ind2=" " tag="653">
      <marc:subfield code="a">Kurzprosa</marc:subfield>
   </marc:datafield>
   <marc:datafield ind1=" " ind2=" " tag="653">
      <marc:subfield code="a">Kurzgeschichte</marc:subfield>
   </marc:datafield>
   <marc:datafield ind1=" " ind2=" " tag="653">
      <marc:subfield code="a">Essay</marc:subfield>
   </marc:datafield>
   <marc:datafield ind1="0" ind2="0" tag="245">
      <marc:subfield code="a">Schüsse mit Empfangsbescheinigung</marc:subfield>
   </marc:datafield>
   <marc:datafield ind1=" " ind2="1" tag="264">
      <marc:subfield code="b">Hanser</marc:subfield>
      <marc:subfield code="c">2006</marc:subfield>
   </marc:datafield>
   <marc:datafield ind1="1" ind2=" " tag="520">
      <marc:subfield code="a">Soll man eher auf die Philosophen hören oder auf die Philosophinnen? Soll man Bücher sammeln oder lesen? Oder soll man einfach nur noch ins Kino gehen? Umberto Eco, einer der markantesten und unterhaltsamsten Kommentatoren unserer Alltagswelt, betrachtet in diesen scharfzüngigen Essays und Glossen Politik, Kultur und die allgemeine Lage. Es geht um Romane, Filme und Romanverfilmungen, um neue und antiquarische Bücher, Katastrophennachrichten und um den alltäglichen Krieg. Ein Feuerwerk an Belesenheit und Witz. *amazon.de*</marc:subfield>
   </marc:datafield>
   <marc:datafield ind1=" " ind2=" " tag="020">
      <marc:subfield code="a">9783446207615</marc:subfield>
      <marc:subfield code="9">9783446207615</marc:subfield>
   </marc:datafield>
</marc:record>
